|
|
|
|
| LEADER |
00000cas a2200000 a 4500 |
| 001 |
vtls009488505 |
| 003 |
SK-MaSNL |
| 005 |
20260228155941.0 |
| 008 |
090331d20042006xo ar| 0 b0slo |
| 040 |
|
|
|a SNK
|b slo
|c SNK
|e AACR2
|
| 041 |
0 |
|
|a slo
|
| 043 |
|
|
|a e-xo---
|
| 044 |
|
|
|a xo
|c SK
|
| 072 |
|
7 |
|a 371
|x Školstvo (organizácia)
|2 konspekt
|
| 080 |
|
|
|a 050
|2 2011
|
| 080 |
|
|
|a 371.8
|2 2011
|
| 080 |
|
|
|a (437.641)
|2 2008
|
| 080 |
|
|
|a (051.053.6)
|2 2011
|
| 245 |
0 |
0 |
|a Úsmev
|b časopis o študentoch a pre študentov
|
| 260 |
|
|
|a Dolný Kubín
|b Združená stredná škola služieb a obchodu
|c 2004-2006
|
| 300 |
|
|
|a zv.
|b fotogr.
|c 21 cm
|
| 310 |
|
|
|a 1x ročne
|
| 362 |
0 |
|
|a 2004-2006
|
| 500 |
|
|
|a Zodpovedný redaktor: 2004-2006, Bohdan Kuzyšin
|
| 610 |
2 |
7 |
|a Združená stredná škola služieb a obchodu (Dolný Kubín, Slovensko)
|2 SNKKA
|9 265652
|
| 650 |
0 |
7 |
|a študentský život
|2 SNKPH
|9 71687
|
| 650 |
0 |
7 |
|a Student life
|2 SNKPHeng
|9 265653
|
| 655 |
|
7 |
|a časopisy pre mládež
|2 SNKPH
|9 70792
|
| 655 |
|
7 |
|a Juvenile periodicals
|2 SNKPHeng
|9 265654
|
| 700 |
1 |
|
|a Kuzyšin, Bohdan
|4 lso
|9 265655
|
| 910 |
|
|
|a snk
|
| 919 |
|
|
|a 2004-2006
|
| 999 |
|
|
|c 981
|d 981
|
| 952 |
|
|
|0 0
|1 0
|4 0
|7 0
|8 0
|a SNK
|b SNK
|d 2009-03-31
|f 1
|i snk2009/6406
|l 0
|o snkČSC 3438/2004
|p 17A0600804
|r 2026-02-21 19:31:03
|w 2026-02-21
|y PREZ
|
| 952 |
|
|
|0 0
|1 0
|4 0
|7 0
|8 0
|a SNK
|b SNK
|d 2009-03-31
|f 1
|i snk2009/6407
|l 0
|o snkČSC 3438/2005
|p 17A0600805
|r 2026-02-21 19:31:03
|w 2026-02-21
|y PREZ
|
| 952 |
|
|
|0 0
|1 0
|4 0
|7 0
|8 0
|a SNK
|b SNK
|d 2009-03-31
|f 1
|i snk2009/6408
|l 0
|o snkČSC 3438/2006
|p 17A0600806
|r 2026-02-21 19:31:03
|w 2026-02-21
|y PREZ
|